000 02102nam a22003377a 4500
005 20110513120919.0
008 110513t xxu||||| |||| 00| 0 eng d
010 _aB-430592 B-442799-802
020 _a0195679911
_c695.00(Hb)
020 _a9780195679915
_c695.00(Hb)
020 _a9780198060833
_c395.00(pbk)
020 _a0198060831
_c395.00 (pbk)
035 _aB-430592 B-442799-802
037 _bRBC / Ven
040 _adpl
_bEnglish
082 _a305.42
100 _aUberoi, Patricia
_928084
245 _aFreedom and destiny:
_cby Patricia Uberoi
_bgender, family, and popular culture in India /
260 _aNew Delhi
_bOxford University Press
_c2006
270 _aYMCA Library Building, Jai Singh Road,
_bNew Delhi
_e110001
300 _axix, 309p.
_c23cm(hb)
500 _aIncludes references and index
942 _2ddc
_cEN
_mUBE
_h305.42
999 _c52432
_d52432